"Библиотечные фонды: проблемы и решения" - научно-практический журнал РБА в Интернете; Библиотечное дело; № 4

Dettagli Bibliografici
Parent link:Библиотечное дело: ежемесячный журнал.— , 2003-
№ 4.— 2003.— С. 32-33
Autore principale: Демидова М. И. Маргарита Ивановна
Lingua:russo
Pubblicazione: 2003
Serie:Специальная литература
Soggetti:
Natura: MixedMaterials Capitolo di libro
KOHA link:https://koha.lib.tpu.ru/cgi-bin/koha/opac-detail.pl?biblionumber=396655

MARC

LEADER 00000naa2a2200000 4500
001 396655
005 20231101064806.0
035 |a (RuTPU)RU\TPU\prd\35012 
035 |a RU\TPU\prd\34999 
090 |a 396655 
100 |a 20050418a2003 k y0rusy50 ca 
101 0 |a rus 
102 |a RU 
200 1 |a "Библиотечные фонды: проблемы и решения" - научно-практический журнал РБА в Интернете  |f М. И. Демидова 
225 1 |a Специальная литература 
461 0 |0 (RuTPU)RU\TPU\prd\12643  |t Библиотечное дело  |o ежемесячный журнал  |d 2003- 
463 0 |0 (RuTPU)RU\TPU\prd\16519  |t № 4  |v С. 32-33  |d 2003 
610 1 |a Интернет 
610 1 |a электронные журналы 
610 1 |a библиотечные фонды 
700 1 |a Демидова  |b М. И.  |g Маргарита Ивановна 
801 1 |a RU  |b 63413507  |c 20050418  |g PSBO 
801 2 |a RU  |b 63413507  |c 20060616  |g PSBO 
942 |c BK